| 000 | 01505nam a2200385Ia 4500 | ||
|---|---|---|---|
| 001 | ebr10112505 | ||
| 003 | CaPaEBR | ||
| 006 | m u | ||
| 007 | cr cn||||||||| | ||
| 008 | 050302s2004 xxua sb 001 0 eng d | ||
| 010 | _z 2005270322 | ||
| 020 | _z0738491330 | ||
| 040 |
_aCaPaEBR _cCaPaEBR |
||
| 035 | _a(OCoLC)137342152 | ||
| 050 | 1 | 4 |
_aTK5105.86 _b.I43325 2004eb |
| 082 | 0 | 4 |
_a004.6 _222 |
| 245 | 0 | 0 |
_aIBM TotalStorage FAStT best practices _h[electronic resource] / _c[Bertrand Dufrasne ... et al.]. |
| 250 | _a1st ed. | ||
| 260 |
_a[S.l.] : _bIBM, International Technical Support Organization, _cc2004. |
||
| 300 |
_axxii, 298 p. : _bill. |
||
| 490 | 1 | _aIBM redbooks | |
| 500 | _a"September 2004." | ||
| 500 | _a"SG24-6363-00." | ||
| 504 | _aIncludes bibliographical references and index. | ||
| 533 |
_aElectronic reproduction. _bPalo Alto, Calif. : _cebrary, _d2009. _nAvailable via World Wide Web. _nAccess may be limited to ebrary affiliated libraries. |
||
| 650 | 0 | _aStorage area networks (Computer networks) | |
| 650 | 0 | _aComputer storage devices. | |
| 650 | 0 | _aFibre Channel (Standard) | |
| 655 | 7 |
_aElectronic books. _2local |
|
| 700 | 1 | _aDufrasne, Bertrand. | |
| 710 | 2 |
_aInternational Business Machines Corporation. _bInternational Technical Support Organization. |
|
| 710 | 2 | _aebrary, Inc. | |
| 830 | 0 | _aIBM redbooks. | |
| 856 | 4 | 0 |
_uhttp://site.ebrary.com/lib/rucke/Doc?id=10112505 _zAn electronic book accessible through the World Wide Web; click to view |
| 999 |
_c210681 _d210681 |
||